BIBLIOTECA PODER JUDICIAL
Portal Judicial TDF

Marco regulatorio y contractual de la industria de dragado fluvial y marítimo en Argentina / (Registro nro. 6179)

000 -LEADER
fixed length control field 01386nabaa22002177a 4500
003 - CONTROL NUMBER IDENTIFIER
control field OSt
005 - DATE AND TIME OF LATEST TRANSACTION
control field 20260124233709.0
008 - FIXED-LENGTH DATA ELEMENTS--GENERAL INFORMATION
fixed length control field 190701b xxu||||| |||| 00| 0 spa d
040 ## - CATALOGING SOURCE
Transcribing agency PJ
100 ## - MAIN ENTRY--PERSONAL NAME
9 (RLIN) 6920
Personal name Acevedo, Fernando
245 10 - TITLE STATEMENT
Title Marco regulatorio y contractual de la industria de dragado fluvial y marítimo en Argentina /
Statement of responsibility, etc Fernando Acevedo, José Francisco Lago Rodríguez.
300 ## - PHYSICAL DESCRIPTION
Extent p. 3-20
500 ## - GENERAL NOTE
General note Cita: TR LALEY AR/DOC/1649/2024
505 ## - FORMATTED CONTENTS NOTE
Formatted contents note Sumario: I. Nociones básicas sobre las obras de dragado.— II. Importancia de las obras de dragado para Argentina.— III. Ámbitos de ejecución de obras de dragado. La situación de los puertos y la sanción de la ley 24.093.— IV. Ámbitos de ejecución de obras de dragado. Referencia al dominio y jurisdicción sobre las aguas.— V. Regulaciones en torno a la bandera de las dragas.— VI. Regulación ambiental.— VII. Aspectos contractuales.— VIII. Situación de la hidrovía Paraná-Paraguay.— IX. Conclusiones.
505 ## - FORMATTED CONTENTS NOTE
Title ¿Te interesa el texto completo? Comunicate al correo: koha@justierradelfuego.gov.ar
650 #0 - SUBJECT ADDED ENTRY--TOPICAL TERM
9 (RLIN) 211
Topical term or geographic name as entry element DERECHO ADMINISTRATIVO
650 #0 - SUBJECT ADDED ENTRY--TOPICAL TERM
Topical term or geographic name as entry element TRANSPORTE FLUVIAL
700 ## - ADDED ENTRY--PERSONAL NAME
9 (RLIN) 6921
Personal name Lago Rodríguez, José Francisco
773 0# - HOST ITEM ENTRY
Host Biblionumber 2842
Host Itemnumber 3251
Place, publisher, and date of publication Buenos Aires : AbeledoPerrot, 2012-
Other item identifier DA121
Title Derecho administrativo. Nº 154 julio/agosto 2024
International Standard Book Number 18510590
942 ## - ADDED ENTRY ELEMENTS (KOHA)
Source of classification or shelving scheme
Koha item type Analítica Artículo de Revista

No hay ítems disponibles.

12 de Octubre 789 Ushuaia - Tel:  54(02901)441571
Horario de Atención: 8.00 a 17.00 hs. 
bibliotecaush@justierradelfuego.gov.ar
koha@justierradelfuego.gov.ar
Seguinos en nuestras redes @bibliojustdf 

Con tecnología Koha